| 000 | 00351nam a2200145Ia 4500 | ||
|---|---|---|---|
| 008 | 230312s9999||||xx |||||||||||||| ||und|| | ||
| 020 | _a93-325-3667-8 | ||
| 082 |
_a612 _bZAR-B |
||
| 100 | _aZar;Jerrold.H | ||
| 245 | 0 | _aBiostatistical Analysis | |
| 260 |
_bPearson _aIndia _c2015 |
||
| 300 | _a756 | ||
| 650 |
_aPharmacy _vBiostatistics |
||
| 942 | _cBK | ||
| 999 |
_c10965 _d10965 |
||